African countries with no A in their name - Statistics

General Stats
  • This quiz has been taken 115 times
  • The average score is 10 of 12
Answer Stats
Answer % Correct
Egypt
99%
Lesotho
94%
Benin
93%
Togo
91%
Burundi
90%
Niger
90%
Morocco
89%
Seychelles
89%
Comoros
84%
Djibouti
84%
Republic of the Congo
76%
Cote D'Ivoire
61%
No matching quizzes found
Score Distribution
Percent of People with Each Score
Percentile by Number Answered
Your Score History
You have not taken this quiz